000 00671nam a22002417a 4500
003 UA-OsUOA
001 28581
007 ta
008 20050412b un ||||| |||| 00| 0 ukr d
090 _a929
_bЯ80
942 _cBK
040 _aUA-OsUOA
_brus
_cUA-OsUOA
_dUA-OsUOA
245 _aЯ смело могу стать пред судом потомков ...
_bКаразинский сборник
_cРед. Е.Узбек В.ГраммаУпор. Н.Белякова
300 _a452 с.
955 _a0
041 _arus
080 _a929
020 _a966-8478-74-6
260 _aХ.
_bМайдан
_c2004
044 _aUA
650 7 _2UDC
999 _c314950
_d314950